Male Anatomy Map Quiz - Statistics

General Stats
  • This quiz has been taken 355 times
  • The average score is 8 of 12
Answers on the Map
Answers color-coded by a green-red scale on the quiz's map according to % correct below.
 
Answer Stats
Answer % Correct
Penis
89%
Testis
89%
Anus and Rectum
83%
Bladder
75%
Sigmoid Colon
70%
Prostate Gland
69%
Ejaculatory Duct
65%
Pubic Bone
63%
Epididymis and Vas Deferens
57%
Cowper's Gland
47%
Corpus Cavernosum
40%
Seminal Vesicle
39%
No matching quizzes found
Score Distribution
Percent of People with Each Score
Percentile by Number Answered
Your Score History
You have not taken this quiz